Vyhliadka a vinárstvo, Pezinok
Salvato in:
| Autore principale: | |
|---|---|
| Altri autori: | |
| Natura: | Manoscritto Libro |
| Lingua: | slovacco |
| Pubblicazione: |
2024
|
| Soggetti: | |
| Accesso online: | http://is.stuba.sk/zp/portal_zp.pl?podrobnosti=161719 |
| Tags: |
Nessun Tag, puoi essere il primo ad aggiungerne!!
|
MARC
| LEADER | 00000ntm a22000003a 4500 | ||
|---|---|---|---|
| 001 | stuzp98915 | ||
| 003 | SK-STU | ||
| 005 | 20240615211305.0 | ||
| 007 | ta | ||
| 008 | 150427s2015----xo-----f-mn---000-0-slo-d | ||
| 040 | |a STU |b slo | ||
| 041 | 0 | |a slo | |
| 100 | 1 | |a Hrišová, Hana |u 054140 |4 aut |U FAD Fakulta architektúry a dizajnu |T FAD Ústav konštrukcií v architektúre a inžinierskych stavieb |X 109990 |U A4140 |Y 395 |7 109990 | |
| 242 | 0 | 1 | |a Lookout Point and Winery, Pezinok |y eng |
| 245 | 1 | 0 | |a Vyhliadka a vinárstvo, Pezinok |
| 260 | |c 2024 | ||
| 650 | 4 | |a vyhliadka |2 slo | |
| 650 | 4 | |a betón |2 slo | |
| 650 | 4 | |a sklo |2 slo | |
| 650 | 4 | |a vinárstvo |2 slo | |
| 650 | 4 | |a príroda |2 slo | |
| 650 | 4 | |a terén |2 slo | |
| 650 | 4 | |a glass |2 eng | |
| 650 | 4 | |a nature |2 eng | |
| 650 | 4 | |a concrete |2 eng | |
| 650 | 4 | |a terrain |2 eng | |
| 650 | 4 | |a winery |2 eng | |
| 650 | 4 | |a lookout point |2 eng | |
| 700 | 1 | |a Bogár, Michal |u 010310 |k Z8 |4 ths |U SvF Stavebná fakulta |T SvF Katedra architektúry |X 71161 |U V181|V310 |Y 19 |7 A000071161 | |
| 856 | 4 | |u http://is.stuba.sk/zp/portal_zp.pl?podrobnosti=161719 | |